Amiga mía
Enregistré dans:
| Auteur principal: | |
|---|---|
| Format: | Livre |
| Langue: | espagnol |
| Publié: |
Santiago
Aguilar Chilena Ediciones Ltda
2003
|
| Sujets: | |
| Tags: |
Ajouter un tag
Pas de tags, Soyez le premier à ajouter un tag!
|
MARC
| LEADER | 00000nam a2200000 a 4500 | ||
|---|---|---|---|
| 001 | UCL3660 | ||
| 003 | CL-VaPUC | ||
| 008 | 031205e20030000CL |||||||||||||||||spa|d | ||
| 020 | |a 9562392716 | ||
| 082 | 0 | 4 | |a Ch863 |b CAL |2 21 |
| 100 | |a Calderón González, Teresa |e author |9 458979 | ||
| 245 | 1 | 0 | |a Amiga mía |
| 300 | |a 208 p | ||
| 942 | |c BK | ||
| 945 | |d 20031205 00:00:00 |a cmena | ||
| 260 | |a Santiago |b Aguilar Chilena Ediciones Ltda |c 2003 | ||
| 650 | 0 | |a Novelas chilenas |9 265425 | |
| 650 | 0 | |a Literatura chilena |9 308278 | |
| 583 | |a last modification |c 20031205 00:00:00 |k Rodrigo Vera | ||
| 999 | |c 306675 |d 306673 | ||
| 952 | |0 0 |1 0 |4 0 |6 CH_863_000000000000000_CAL_2003 |7 0 |8 A |9 371855 |a BIBEDU |b BIBEDU |d 2019-11-21 |i 3956059 |l 1 |o Ch863 CAL 2003 |p 3956059 |r 2024-11-26 |s 2024-11-20 |w 2019-11-21 |y BK |k LIT | ||
| 952 | |0 0 |1 0 |4 0 |6 CH_863_000000000000000_CAL_2003 |7 0 |8 A |9 371856 |a FDOPOS |b FDOPOS |d 2019-11-21 |i 417819K |o Ch863 CAL 2003 |p 417819K |r 2025-01-22 |w 2019-11-21 |y BK |k MLH | ||